=LDR 00000nam 2200000 4500 =001 INLIS000000000016213 =005 20130612111501 =008 ***********************************Ind** =035 ##$$0010-061300000016213 =041 ##$$a Ind =082 ##$$a 634 =090 ##$$a 634, Rah a =100 ##$$a Rahardi, F =245 ##$$a Agribisnis tanaman hias, Rahardi, F ; Indriani, Yovita Hety ; Haryono =260 ##$$a 1996 $b Jakarta =300 ##$$a IV, 66 hlm., 21 cm =650 ##$$a Buah-buahan aspek ekonomi =700 ##$$a Indriani, Yovita Hety =850 ##$$a NBPNMAT